000 00673nam a22002177a 4500
003 UA-OsUOA
001 87980
007 ta
008 20120926b un ||||| |||| 00| 0 ukr d
090 _a61(031)
_bБ79
942 _cBK
040 _aUA-OsUOA
_brus
_cUA-OsUOA
_dUA-OsUOA
245 _aБольшая медицинская энциклопедия
_cГол. ред. Бакулев А. Н.
_n31
300 _a1248 с.
955 _a1
041 _arus
080 _a61(031)
260 _aМ.
_bГосударственное издательство медицинской литературы
_c1963
650 7 _a61 Медичні науки
_2UDC
999 _c374956
_d374956